| 000 | 00365nam a2200145 i 4500 | ||
|---|---|---|---|
| 001 | bg | ||
| 100 | 1 | _aWALCZAK, Tadeusz | |
| 245 | 0 |
_aWprowadzanie masowych danych do komputerów / _cTadeusz Walczak. |
|
| 250 | _aWyd. 2 popr. i uzup. | ||
| 260 |
_aWarszawa, _c1985. |
||
| 040 | _cBPK | ||
| 041 | _apol | ||
| 942 | _cKS | ||
| 008 | s pl f |000 0 pol | ||
| 999 |
_c28106 _d28106 |
||
| 856 |
_uhttp://koha.tu.koszalin.pl/cgi-bin/koha/opac-detail.pl?biblionumber=28106 _yKatalog online BPK |
||